カンテレ競馬【公式】で300万回以上再生されたレース - Statistics

General Stats
  • This quiz has been taken 23 times
    19 since last reset
  • The average score is 3 of 12
Answers on the Grid
Answers color-coded by a green-red scale on the quiz's grid according to % correct below.
2012皐月賞(ゴールドシップ)
2012菊花賞(ゴールドシップ)
2024天皇賞・秋(ドウデュース)
2024ジャパンカップ(ドウデュース)
2007日本ダービー(ウオッカ)
2022日本ダービー(ドウデュース)
アーモンドアイ芝G19勝全レース
2000有馬記念(テイエムオペラオー)
2006有馬記念(ディープインパクト)
2022有馬記念(イクイノックス)
1993有馬記念(トウカイテイオー)
1990有馬記念(オグリキャップ)
2013有馬記念(オルフェーヴル)
2017有馬記念(キタサンブラック)
1999有馬記念(グラスワンダー/スペシャルウィーク)
1998毎日王冠(サイレンススズカ)
2006天皇賞・春(ディープインパクト)
2015天皇賞・春(ゴールドシップ)
2005菊花賞(ディープインパクト)
2011菊花賞(オルフェーヴル)
2020菊花賞(コントレイル)
2012有馬記念(ゴールドシップ)
2021ジャパンカップ(コントレイル)
1988〜2020有馬記念全部見せます
2008天皇賞・秋(ウオッカ/ダイワスカーレット)
2022天皇賞・秋(イクイノックス)
2023天皇賞・秋(イクイノックス
2023ジャパンカップ(イクイノックス)
2023有馬記念(ドウデュース)
2018ジャパンカップ(アーモンドアイ)
1981〜2024ジャパンカップ全部見せます
 
Answer Stats
Answer % Correct
2012皐月賞(ゴールドシップ)
89%
1993有馬記念(トウカイテイオー)
33%
2022日本ダービー(ドウデュース)
33%
1988〜2020有馬記念全部見せます
22%
2006有馬記念(ディープインパクト)
22%
2013有馬記念(オルフェーヴル)
22%
2015天皇賞・春(ゴールドシップ)
22%
2017有馬記念(キタサンブラック)
22%
2012有馬記念(ゴールドシップ)
11%
2022天皇賞・秋(イクイノックス)
11%
2006天皇賞・春(ディープインパクト)
0%
2023有馬記念(ドウデュース)
0%
No matching quizzes found
Score Distribution
Percent of People with Each Score
Percentile by Number Answered
Your Score History
You have not taken this quiz since the last reset